Fundamentals of Kalman Filtering A Practical Approach (Record no. 559927)
[ view plain ]
| 000 -LEADER | |
|---|---|
| fixed length control field | 00526nam a2200157Ia 4500 |
| 008 - FIXED-LENGTH DATA ELEMENTS--GENERAL INFORMATION | |
| fixed length control field | 210428s9999 xx 000 0 und d |
| 020 ## - INTERNATIONAL STANDARD BOOK NUMBER | |
| International Standard Book Number | 1-56347-694-0 |
| 082 ## - DEWEY DECIMAL CLASSIFICATION NUMBER | |
| Classification number | 660.04 Z36 F |
| 100 ## - MAIN ENTRY--PERSONAL NAME | |
| Personal name | Paul Zarchan, Howard Musoff |
| 9 (RLIN) | 127184 |
| 245 #0 - TITLE STATEMENT | |
| Title | Fundamentals of Kalman Filtering A Practical Approach |
| 250 ## - EDITION STATEMENT | |
| Edition statement | 2nd edition |
| 260 ## - PUBLICATION, DISTRIBUTION, ETC. | |
| Name of publisher, distributor, etc. | American Institute of Aeronautics and Astronautics |
| Place of publication, distribution, etc. | Washington, DC |
| Date of publication, distribution, etc. | 2005 |
| 300 ## - PHYSICAL DESCRIPTION | |
| Extent | 764p |
| 440 ## - SERIES STATEMENT/ADDED ENTRY--TITLE | |
| Title | Progress in astronautics and aeronautics V-208 |
| 9 (RLIN) | 127185 |
| 942 ## - ADDED ENTRY ELEMENTS (KOHA) | |
| Koha item type | Book |
| Source of classification or shelving scheme | |
| Withdrawn status | Lost status | Damaged status | Not for loan | Permanent Location | Current Location | Date acquired | Total Checkouts | Full call number | Barcode | Date last seen | Price effective from | Koha item type |
|---|---|---|---|---|---|---|---|---|---|---|---|---|
| School of Chemical & Materials Engineering (SCME) | School of Chemical & Materials Engineering (SCME) | 05/11/7 | 660.04 Z36 F | SCME-75 | 04/28/2021 | 04/28/2021 | Book |
